Нагрузочные устройства для испытаний систем электропитания космических аппаратов; Известия Томского политехнического университета [Известия ТПУ]; Т. 307, № 6
| Parent link: | Известия Томского политехнического университета [Известия ТПУ]/ Томский политехнический университет (ТПУ).— , 2000- Т. 307, № 6.— 2004.— [С. 126-130] |
|---|---|
| Autor principal: | |
| Otros Autores: | , |
| Sumario: | Заглавие с титульного листа Электронная версия печатной публикации Представлен краткий обзор состояния современных систем электропитания космических аппаратов с позиции энергообеспечения и надежности. Рассмотрены способы создания испытательных нагрузочных комплексов для систем электропитания. Показаны принцип работы и характеристики разработанного блока имитации нагрузки БИН-40. |
| Lenguaje: | ruso |
| Publicado: |
2004
|
| Colección: | Технические науки |
| Materias: | |
| Acceso en línea: | http://www.lib.tpu.ru/fulltext/v/Bulletin_TPU/2004/v307/i6/29.pdf |
| Formato: | Electrónico Capítulo de libro |
| KOHA link: | https://koha.lib.tpu.ru/cgi-bin/koha/opac-detail.pl?biblionumber=169923 |
MARC
| LEADER | 00000nla2a2200000 4500 | ||
|---|---|---|---|
| 001 | 169923 | ||
| 005 | 20231031163545.0 | ||
| 035 | |a (RuTPU)RU\TPU\book\184290 | ||
| 035 | |a RU\TPU\book\184288 | ||
| 090 | |a 169923 | ||
| 100 | |a 20091118d2004 k y0rusy50 ca | ||
| 101 | 0 | |a rus | |
| 102 | |a RU | ||
| 135 | |a drnn ---uucaa | ||
| 181 | 0 | |a i | |
| 182 | 0 | |a b | |
| 200 | 1 | |a Нагрузочные устройства для испытаний систем электропитания космических аппаратов |b Электронный ресурс |f А. Г. Юдинцев, О. В. Бубнов, Ю. Н. Дементьев | |
| 203 | |a Текст |c электронный | ||
| 215 | |a 1 файл (210 Кб) | ||
| 225 | 1 | |a Технические науки | |
| 230 | |a Электронные текстовые данные (1 файл : 210 Кб) | ||
| 300 | |a Заглавие с титульного листа | ||
| 300 | |a Электронная версия печатной публикации | ||
| 320 | |a [Библиогр.: с. 130 (6 назв.)] | ||
| 330 | |a Представлен краткий обзор состояния современных систем электропитания космических аппаратов с позиции энергообеспечения и надежности. Рассмотрены способы создания испытательных нагрузочных комплексов для систем электропитания. Показаны принцип работы и характеристики разработанного блока имитации нагрузки БИН-40. | ||
| 337 | |a Adobe Reader | ||
| 461 | 1 | |0 (RuTPU)RU\TPU\book\176237 |t Известия Томского политехнического университета [Известия ТПУ] |f Томский политехнический университет (ТПУ) |d 2000- | |
| 463 | 1 | |0 (RuTPU)RU\TPU\book\184225 |t Т. 307, № 6 |v [С. 126-130] |d 2004 |p 191 | |
| 610 | 1 | |a нагрузочные устройства | |
| 610 | 1 | |a испытания | |
| 610 | 1 | |a системы | |
| 610 | 1 | |a электропитание | |
| 610 | 1 | |a космические аппараты | |
| 610 | 1 | |a обзоры | |
| 610 | 1 | |a энергообеспечение | |
| 610 | 1 | |a способы | |
| 610 | 1 | |a испытательные комплексы | |
| 610 | 1 | |a принципы | |
| 610 | 1 | |a работы | |
| 610 | 1 | |a характеристики | |
| 610 | 1 | |a блоки | |
| 610 | 1 | |a имитация | |
| 610 | 1 | |a нагрузки | |
| 610 | 1 | |a труды учёных ТПУ | |
| 610 | 1 | |a электронный ресурс | |
| 700 | 1 | |a Юдинцев |b А. Г. |c специалист в области электротехники |c доцент Томского политехнического университета, кандидат технических наук |f 1979- |g Антон Геннадьевич |2 stltpush |3 (RuTPU)RU\TPU\pers\27731 | |
| 701 | 1 | |a Бубнов |b О. В. | |
| 701 | 1 | |a Дементьев |b Ю. Н. |c доцент, зав. кафедрой электропривода и электрооборудования (ЭПЭО) ЭЛТИ, ТПУ |c кандидат технических наук |f 1953- |g Юрий Николаевич |2 stltpush |3 (RuTPU)RU\TPU\pers\25853 | |
| 801 | 1 | |a RU |b 63413507 |c 20090623 |g PSBO | |
| 801 | 2 | |a RU |b 63413507 |c 20210728 |g PSBO | |
| 856 | 4 | |u http://www.lib.tpu.ru/fulltext/v/Bulletin_TPU/2004/v307/i6/29.pdf | |
| 942 | |c CF | ||